Hardwood floors--installing, maintaining, and repairing / (Record no. 9373)

MARC details
000 -LEADER
fixed length control field 00720nac a22002411u 4500
010 ## - LIBRARY OF CONGRESS CONTROL NUMBER
LC control number 85017370
020 ## - INTERNATIONAL STANDARD BOOK NUMBER
International Standard Book Number 0830609288
020 ## - INTERNATIONAL STANDARD BOOK NUMBER
International Standard Book Number 0830619283 (pbk.) :
082 00 - DEWEY DECIMAL CLASSIFICATION NUMBER
Classification number 694.2
Item number RAM
090 ## - LOCALLY ASSIGNED LC-TYPE CALL NUMBER (OCLC); LOCAL CALL NUMBER (OCLC)
-- 9373
-- 9373
100 ## - MAIN ENTRY--PERSONAL NAME
Personal name Ramsey, Dan,
245 10 - TITLE STATEMENT
Title Hardwood floors--installing, maintaining, and repairing /
Statement of responsibility, etc Dan Ramsey.
250 ## - EDITION STATEMENT
Edition statement 1st ed.
260 ## - PUBLICATION, DISTRIBUTION, ETC. (IMPRINT)
Place of publication, distribution, etc Blue Ridge Summit, PA :
Name of publisher, distributor, etc TAB Books,1985
Date of publication, distribution, etc 1985.
300 ## - PHYSICAL DESCRIPTION
Extent ix, 149 p. :
Other physical details ill. ;
Dimensions 24 cm.
500 ## - GENERAL NOTE
General note Includes index.
500 ## - GENERAL NOTE
General note "No. 1928."
500 ## - GENERAL NOTE
General note distributer: Al-Ahram
511 ## - PARTICIPANT OR PERFORMER NOTE
Participant or performer note catalogued by: wessam
650 #0 - SUBJECT ADDED ENTRY--TOPICAL TERM
Topical term or geographic name as entry element Floors, Wooden.
650 #0 - SUBJECT ADDED ENTRY--TOPICAL TERM
Topical term or geographic name as entry element Hardwoods.
942 ## - ADDED ENTRY ELEMENTS (KOHA)
Item type Book - Borrowing
Call number prefix 694.2RAM
Holdings
Withdrawn status Item status Damaged status Not for loan Home library Current library Shelving location Date acquired Source of acquisition Total Checkouts Full call number Barcode Date last seen Koha item type
        Central Library Central Library First floor 05/05/2008 Purchase   694.2RAM 000011336 15/07/2025 Book - Borrowing